Datum a čas kvízu
29.5
Celkem bodů
Celkový počet nahraných bodů na tomto kvízu bez doplňovacích otázek.
10.
Pořadí na kvízu
Konečné umístění týmu na tomto kvízu.
Zaznamenané odpovědi
| # | Otázka | Odpověď | Body | Výsledky |
|---|---|---|---|---|
| 2. | Minulé pondělí byly oznámeny k... | Moldavsko (Moldávie) | 1 | |
| 3. | Minulý pátek vyšlo již 12. stu... | The Life of a Showgirl | 1 | |
| 4. | Minulý týden jsme se dozvěděli... | Allwyn | 1 | |
| 5. | Česká republika má od minulého... | Linda Nosková | 1 | |
| 1. | Socha koně Arda nacházející se... | Avatar | 1 | |
| 6. | Wikipedii s nejvyšší pravděpod... | z havajštiny | 0 | |
| 7. | Fanoušci kvízu občas jistě se... | D | 0 | |
| 8. | Dobrým zdrojem informací jsou... | Michal Suchánek, Richard Genzer | 0 | |
| 9. | Mnemotechnické pomůcky se hodí... | barvy duhy (pořadí) | 1 | |
| 10. | Někdy však k úspěchu v kvízu s... | 1B 2D 3C 4A | 0 |